THE MANAGEMENT OF LABOUR (Record no. 216320)

MARC details
000 -LEADER
fixed length control field 00510nam a22001937a 4500
008 - FIXED-LENGTH DATA ELEMENTS--GENERAL INFORMATION
fixed length control field 251201b |||||||| |||| 00| 0 eng d
020 ## - INTERNATIONAL STANDARD BOOK NUMBER
International Standard Book Number 978-93-93330-82-6
050 ## - LIBRARY OF CONGRESS CALL NUMBER
Classification number RG 651.A78 2025
100 ## - MAIN ENTRY--PERSONAL NAME
Personal name ARULKUMARAN SABARATNAM SIR
245 ## - TITLE STATEMENT
Title THE MANAGEMENT OF LABOUR
250 ## - EDITION STATEMENT
Edition statement 4th
260 ## - PUBLICATION, DISTRIBUTION, ETC.
Place of publication, distribution, etc. INDIA
Name of publisher, distributor, etc. UNVERSITIES PRESS
Date of publication, distribution, etc. 2025
300 ## - PHYSICAL DESCRIPTION
Extent X,542
500 ## - GENERAL NOTE
General note INCLUDES AN INDEX
650 ## - SUBJECT ADDED ENTRY
Topical term or geographic name entry element Labour obstetrics -management
700 ## - ADDED ENTRY--PERSONAL NAME
Personal name ARJUN GITA
942 ## - ADDED ENTRY ELEMENTS (KOHA)
Source of classification or shelving scheme Library of Congress Classification
Koha item type Long Loan Book
Holdings
Withdrawn status Lost status Source of classification or shelving scheme Damaged status Not for loan Collection Home library Current library Shelving location Date acquired Inventory number Total checkouts Full call number Barcode Date last seen Copy number Price effective from Koha item type Date due Date last checked out
    Library of Congress Classification     Medicine Kisii University Library Kisii University Library On Display 12/01/2025 110278   RG 651.A78 2025 000000021058 12/01/2025 C.1 12/01/2025 Long Loan Book    
    Library of Congress Classification     Medicine Kisii University Library Kisii University Library On Display 12/01/2025 110279   RG 651.A78 2025 000000021057 12/01/2025 C.2 12/01/2025 Long Loan Book    
    Library of Congress Classification     Medicine Kisii University Library Kisii University Library On Display 12/01/2025 110280   RG 651.A78 2025 000000024486 12/01/2025 C.3 12/01/2025 Long Loan Book    
    Library of Congress Classification     Medicine Kisii University Library Kisii University Library On Display 12/01/2025 110281   RG 651.A78 2025 000000024487 12/01/2025 C.4 12/01/2025 Long Loan Book    
    Library of Congress Classification       Kisii University Library Kisii University Library On Display 01/12/2026 110658 1 RG 651 .A78 2025 000000017877 04/14/2026 C.5 01/12/2026 Long Loan Book 07/13/2026 04/14/2026
    Library of Congress Classification       Kisii University Library Kisii University Library On Display 01/12/2026 110659   RG 651 .A78 2025 000000017878 01/12/2026 C.6 01/12/2026 Long Loan Book    
    Library of Congress Classification       Kisii University Library Kisii University Library On Display 01/12/2026 110660   RG 651 .A78 2025 000000017879 01/12/2026 C.7 01/12/2026 Long Loan Book    
    Library of Congress Classification       Kisii University Library Kisii University Library On Display 01/12/2026 110661   RG 651 .A78 2025 000000017880 01/12/2026 C.8 01/12/2026 Long Loan Book